000 00609nam a2200217Ia 4500
003 OSt
005 20220928140535.0
006 a|||||r|||| 00| 0
007 ta
008 220927b |||||||| |||| 00| 0 eng d
024 _a9255
037 _cTextual
040 _aSDCL
_cSDCL
_beng
041 _2eng
_aeng
082 _aO-,3L:g(S:521), L4
100 _aBrissenden R F
_9495772
245 0 _aVirtue in distress
_b Studies in the novel of sentiment from Richardson to Sade.
260 _c1974
942 _hO-,3L:g(S:521), L4
_cTEXL
_2CC
999 _c812003
_d812003